| 000 | 01069nam a22002057a 4500 | ||
|---|---|---|---|
| 999 |
_c64177 _d64177 |
||
| 003 | Ge_BSU | ||
| 005 | 20260424172407.0 | ||
| 008 | 260424s2003 ge ||||| |||| 00| 0 geo d | ||
| 020 | _a9992816341 | ||
| 041 | _ageo | ||
| 080 | _a338.439(479.22) კ-79 | ||
| 100 |
_aკოღუაშვილი, პაატა _927374 |
||
| 245 |
_aსასურსათო პრობლემიდან-სასურსათო უსაფრთხოებამდე / _c პ. კოღუაშვილი, ჰ. გიორგაძე, ბ. რამიშვილი; [რედ.: გიორგი ზიბზიბაძე, პაატა კოღუაშვილი]. |
||
| 264 |
_aთბ., _c[2003] |
||
| 300 |
_a140 გვ. ; _b 20 სმ. |
||
| 700 |
_aგიორგაძე, ჰამლეტ _eავტორი _927375 |
||
| 700 |
_aრამიშვილი, ბადრი _eავტორი _927376 |
||
| 700 |
_aზიბზიბაძე, გიორგი _eრედაქტორი _925430 |
||
| 942 |
_2udc _cᲬᲘᲒᲜᲘ |
||